000 01023cab a2200265 4500
001 A543
008 090401t1971 xxu||||| |||| 00| 0 eng d
035 _a(Sirsi) u29779
041 _aeng
245 _aExecutors of the Estate of Thomas Lamb (deceased) v Cheshire CC
260 _c1971
350 _a0
490 _aEstates Gazette
_v(1971) 217 EG 607-612(4)
520 _aLT 21 December 1970. Value of `institution site` in green belt - sale to county council by agreement - no open market evidence - vendors` reliance on decision of LT in previous case with `marked similarities` - paucity of demand from private sector.
650 _aALTERNATIVE DEVELOPMENT CERTIFICATE
650 _aBAGSHAW V CHESHIRE CC
650 _aCOMPENSATION
650 _aGREEN BELT
650 _aINSTITUTION SITE
650 _aLAMB V CHESHIRE CC
650 _aValuation
_96273
690 _aENVIRONMENTAL AND LAND CONSULTANCY-PLANNING AND DEVELOPMENT-COMPULSORY PURCHASE AND COMPENSATION
942 _n0
948 _c04/03/1997
999 _c20026
_d20026